| 000 | 00358nam a2200133Ia 4500 | ||
|---|---|---|---|
| 008 | 210210b1968 xxu||||| |||| 00| 0 eng d | ||
| 082 | _a824.914 MOSM | ||
| 100 | _amOSS (Norman). | ||
| 245 | _aMen who play God: the story of the hydrogen bomb. | ||
| 260 |
_aLondon _bVictor Gollancz Ltd., _c1968 |
||
| 300 | _a352 | ||
| 690 | _aEnglish Prose | ||
| 906 | _a028479 | ||
| 999 |
_c79725 _d79725 |
||